All 50k+ Cities in Chile with a Map - Statistics

General Stats
  • This quiz has been taken 2,454 times
  • The average score is 18 of 44
Answers on the Map
Answers color-coded by a green-red scale on the quiz's map according to % correct below.
 
Answer Stats
Population City % Correct
5,220,161 Santiago
99%
252,888 Valparaíso
85%
352,638 Antofagasta
79%
219,057 Concepción
73%
204,078 Arica
70%
125,932 Punta Arenas
69%
171,136 Puerto Montt
66%
189,065 Iquique
65%
334,248 Viña del Mar
65%
196,178 La Serena
61%
236,377 Temuco
56%
150,727 Valdivia
53%
205,760 Coquimbo
52%
237,295 Talca
52%
158,487 Calama
48%
231,890 Rancagua
48%
150,962 Copiapó
46%
164,574 Chillán
43%
143,563 Los Ángeles
43%
147,826 Osorno
42%
568,094 Puente Alto
39%
126,092 Curicó
34%
148,440 Talcahuano
34%
86,569 San Antonio
33%
291,610 San Bernardo
29%
74,139 Linares
27%
60,341 Los Andes
27%
72,650 Melipilla
27%
77,021 Ovalle
27%
105,884 Alto Hospicio
26%
58,598 San Fernando
26%
149,596 Quilpué
25%
64,484 San Felipe
24%
125,327 Villa Alemana
24%
66,180 Buin
23%
74,238 Quillota
23%
89,037 Colina
22%
113,074 Coronel
20%
56,990 Talagante
19%
131,684 San Pedro de la Paz
16%
90,985 Hualpén
15%
83,064 Peñaflor
14%
85,863 Chiguayante
13%
55,728 Padre Hurtado
12%
No matching quizzes found
Score Distribution
Percent of People with Each Score
Percentile by Number Answered
Your Score History
You have not taken this quiz